| 000 | 01976cam a22004334i 4500 | ||
|---|---|---|---|
| 003 | PE-LiUPU | ||
| 005 | 20260408103950.0 | ||
| 008 | 150617s1954 miua r 000 0 eng d | ||
| 035 | _a(Sirsi) a13733 | ||
| 040 |
_aPE-LiUPU _bspa _cPE-LiUPU _erda |
||
| 049 | _aPRUA | ||
| 082 | 0 | 4 |
_a220.93 _bU57a _220 |
| 100 | 1 |
_aUnger, Merrill F., _eautor. _98428 |
|
| 245 | 1 | 0 |
_aArchaeology and the Old Testament / _cMerrill F. Unger. |
| 264 | 1 |
_aMichigan : _bZondervan Publishing House, _c1954. |
|
| 300 |
_a339 páginas : _bilustraciones ; _c23 cm |
||
| 336 |
_atext _2rdacontent |
||
| 337 |
_aunmediated _2rdamedia |
||
| 338 |
_avolume _2rdacarrier |
||
| 505 | 0 | _aThe role of archeology in the study of the old testament --The biblical and Babylonian Account of creation --Primitive traditions and biblical begnnings -- The flood in Sumerian and Babylonian account of the flood -- The table of the nations and the Japhetic peoples -- Hamites and earliest empire -- Semites and babel builders -- Abraham and his age -- The historicity of the patriarchs -- Israel 's sojourn in Egypt -- The date of the Exodus -- Mosaic and ancient near eastern laws -- The conquest of the canantites -- The religion of the canaanites -- The period of the judges -- Israel on the eve of the monarchy -- Saul and the Monarchy -- The reign of David -- The empire of salomon -- Israel and the aramaeans. -Judah and the assyria -- The last years of judah -- Judah in exile. | |
| 526 | _aSEG42 | ||
| 526 | _aSEG41 | ||
| 526 | _aSEG40 | ||
| 526 | _aSEG39 | ||
| 526 | _aP94 | ||
| 526 | _aP87 | ||
| 526 | _aP86 | ||
| 526 | _aP85 | ||
| 526 | _aP77 | ||
| 526 | _aP76 | ||
| 526 | _aP35 | ||
| 630 | 2 | 4 |
_aBiblia. _pAntiguo Testamento _xHistoria y crítica _95701 |
| 650 | 1 | 4 |
_aArqueología bíblica _97717 |
| 651 | 2 | 4 |
_aOriente Medio _xAntigüedades _98307 |
| 910 | _ajck | ||
| 942 |
_2ddc _cBK |
||
| 980 |
_818226 _gJaime Vilcazán Jefe de Análisis Documental |
||
| 999 |
_c4133 _d4133 |
||